000 00338nam a22001337a 4500
008 170713b xxu||||| |||| 00| 0 eng d
020 _a9780323039437
041 _aeng
080 _a038
100 _a23
101 _aFJA
245 _aMOSBY'S POCKET DICTIONARY OF MEDICINE, NURSING & HEALTH PROFESSIONS
_cANDREWS,A.J
942 _2udc
_cBK
999 _c20449
_d20449